Encyclopedia of complementary health practice (Record no. 9865)
[ view plain ]
| 000 -LEADER | |
|---|---|
| fixed length control field | 01424nam a2200337Ia 4500 |
| 001 - CONTROL NUMBER | |
| control field | ebr10265304 |
| 003 - CONTROL NUMBER IDENTIFIER | |
| control field | CaPaEBR |
| 006 - FIXED-LENGTH DATA ELEMENTS--ADDITIONAL MATERIAL CHARACTERISTICS--GENERAL INFORMATION | |
| fixed length control field | m u |
| 007 - PHYSICAL DESCRIPTION FIXED FIELD--GENERAL INFORMATION | |
| fixed length control field | cr cn||||||||| |
| 008 - FIXED-LENGTH DATA ELEMENTS--GENERAL INFORMATION | |
| fixed length control field | 990316s1999 nyua sbe 001 0 eng d |
| 010 ## - LIBRARY OF CONGRESS CONTROL NUMBER | |
| Canceled/invalid LC control number | 99025832 |
| 020 ## - INTERNATIONAL STANDARD BOOK NUMBER | |
| Cancelled/invalid ISBN | 0826112374 (hardcover) |
| Cancelled/invalid ISBN | 0826112390 (softcover) |
| Cancelled/invalid ISBN | 9780826112392 |
| 040 ## - CATALOGING SOURCE | |
| Original cataloging agency | CaPaEBR |
| Transcribing agency | CaPaEBR |
| 035 ## - SYSTEM CONTROL NUMBER | |
| System control number | (OCoLC)298882062 |
| 050 14 - LIBRARY OF CONGRESS CALL NUMBER | |
| Classification number | R733 |
| Item number | .E525 1999eb |
| 082 04 - DEWEY DECIMAL CLASSIFICATION NUMBER | |
| Classification number | 615.5/03 |
| Edition number | 21 |
| 245 00 - TITLE STATEMENT | |
| Title | Encyclopedia of complementary health practice |
| Medium | [electronic resource] / |
| Statement of responsibility, etc | Carolyn Chambers Clark, editor in chief ; Rena J. Gordon, contributing editor ; Barbara Harris, Carl O. Helvie, advisory contributing editors. |
| 260 ## - PUBLICATION, DISTRIBUTION, ETC. (IMPRINT) | |
| Place of publication, distribution, etc | New York : |
| Name of publisher, distributor, etc | Springer Pub. Co., |
| Date of publication, distribution, etc | c1999. |
| 300 ## - PHYSICAL DESCRIPTION | |
| Extent | xxi, 638 p. : |
| Other physical details | ill. |
| 504 ## - BIBLIOGRAPHY, ETC. NOTE | |
| Bibliography, etc | Includes bibliographical references (p. 535-602) and index. |
| 533 ## - REPRODUCTION NOTE | |
| Type of reproduction | Electronic reproduction. |
| Place of reproduction | Palo Alto, Calif. : |
| Agency responsible for reproduction | ebrary, |
| Date of reproduction | 2009. |
| Note about reproduction | Available via World Wide Web. |
| -- | Access may be limited to ebrary affiliated libraries. |
| 650 #0 - SUBJECT ADDED ENTRY--TOPICAL TERM | |
| Topical term or geographic name as entry element | Alternative medicine |
| Form subdivision | Encyclopedias. |
| Topical term or geographic name as entry element | Integrative medicine |
| Form subdivision | Encyclopedias. |
| 655 #7 - INDEX TERM--GENRE/FORM | |
| Genre/form data or focus term | Electronic books. |
| Source of term | local |
| 700 1# - ADDED ENTRY--PERSONAL NAME | |
| Personal name | Clark, Carolyn Chambers. |
| Personal name | Gordon, Rena J. |
| 710 2# - ADDED ENTRY--CORPORATE NAME | |
| Corporate name or jurisdiction name as entry element | ebrary, Inc. |
| 856 40 - ELECTRONIC LOCATION AND ACCESS | |
| Uniform Resource Identifier | <a href="http://site.ebrary.com/lib/rucke/Doc?id=10265304">http://site.ebrary.com/lib/rucke/Doc?id=10265304</a> |
| Public note | An electronic book accessible through the World Wide Web; click to view |
No items available.
